000 00371pam a2200157a 44500
008 230515b1998 xxu||||| |||| 00| 0 eng d
020 _aNULL
041 _aENG
082 _a60173
100 _aBrian speidel peter fleming
245 _aA neonatal vade mecum 3rd ed
250 _a3rd
260 _aNULL
_b"Arnold , London, "
_c1998
300 _a481
650 _aN.D.
999 _c523859
_d523859